Gaming Quiz

Random Gaming or Pokémon Quiz

'N' name pokemon Quiz Stats

 Plays Quiz not verified by Sporcle

Challenge
Share
Tweet
Embed
Score 0/16 Timer 08:00
0 Plays Today
Hint Answer % Correct
#34Nidoking
98.4%
#31Nidoqueen
96.9%
#29Nidoran F
96.9%
#32Nidoran M
96.9%
#30Nidorina
95.3%
#33Nidorino
95.3%
#164Noctowl
92.2%
#38Ninetales
85.9%
Hint Answer % Correct
#714Noibat
85.9%
#715Noivern
85.9%
#291Ninjask
82.8%
#290Nincada
79.7%
#274Nuzleaf
79.7%
#322Numel
78.1%
#177Natu
76.6%
#299Nosepass
60.9%

You're not logged in!

Compare scores with friends on all Sporcle quizzes.
OR
Log In

You Might Also Like...

Show Comments

Extras

Created Mar 22, 2016ReportNominate
Tags:Pokémon Quiz

Top Quizzes Today


Score Distribution

Your Account Isn't Verified!

In order to create a playlist on Sporcle, you need to verify the email address you used during registration. Go to your Sporcle Settings to finish the process.

Report this User

Report this user for behavior that violates our Community Guidelines.

Details: